[Event "IECC O-2443"]
[Site "IECC email"]
[Date "2006.09.05"]
[Round "?"]
[White "Smeulders, Thomas"]
[Black "Timson, Gregory"]
[Result "0-1"]
[WhiteElo "810"]
[BlackElo "980"]
[PlyCount "76"]
[EventDate "2006.??.??"]
[EventType "swiss (corr)"]
[EventRounds "2"]
[SourceTitle "Corr 2020"]
[Source "ChessBase"]
[SourceDate "2019.09.30"]
[SourceVersion "1"]
[SourceVersionDate "2019.09.30"]
[SourceQuality "1"]
[WhiteTeam "Belgium"]
[BlackTeam "England"]
[WhiteTeamCountry "BEL"]
[BlackTeamCountry "ENG"]

1. Nf3 d5 2. d4 Nf6 3. Qd3 Nc6 4. c4 e6 5. c5 g6 6. a3 Bg7 7. b4 0-0 8. e3 Re8 9. Bd2 a6 10. Be2 e5 11. Bd1 exd4 12. Nxd4 Nxd4 13. Qxd4 Ne4 14. Qd3 Bxa1 15. 0-0 Qg5 16. f4 Qd8 17. Be1 Bg7 18. Bf3 Bf5 19. g4 Bd7 20. Nd2 Nxd2 21. Qxd2 c6 22. Bg3 Qc8 23. g5 Bf5 24. Re1 Qc7 25. a4 Rad8 26. a5 Be4 27. Bg4 Re7 28. Rf1 Rde8 29. h3 Bf5 30. Bxf5 gxf5 31. Qd3 Rxe3 32. Qxf5 Rxg3+ 33. Kf2 Ree3 34. Rd1 Rxh3 35. Qg4 Qe7 36. Qc8+ Bf8 37. Rb1 Re2+ 38. Kf1 Rh1# 0-1